00593cam a22002051a 4500001001300000003000400013005001700017008004100034010001700075035001900092040002700111042001200138050002100150100003200171245007400203260003600277300002000313500003700333999001700370f 01000367 DLC20260227111237.0810919s1886 fr 000 0 fre  af 01000367  a(OCoLC)7775982 aDLCcNcWsWdNcWsWdDLC apremarc00aPQ2315b.R6 18861 aKarr, Alphonse,d1808-1890.10aRoses et chardons :bou, La politique au jardin /cpar Alphonse Karr. aParis :bCalmann Lévy,c1886. a300 p. ;c1886. aHalf-title: Œuvres complètes. c22417d22417